Latin American government and politics

Kaydedildi:
Detaylı Bibliyografya
Yazar: Edelmann, Alexander T (Yazar)
Materyal Türü: Kitap
Dil:İngilizce
Baskı/Yayın Bilgisi: Homewood Dorsey 1965
Seri Bilgileri:The Dorsey Series in Political Science
Konular:
Etiketler: Etiketle
Etiket eklenmemiş, İlk siz ekleyin!

MARC

LEADER 00000nam a2200000 a 4500
001 UCT7213
003 CL-VaPUC
008 970116e19650700US |||||||||||||||||eng|d
082 0 4 |a 320.48  |b EDE  |2 21 
100 0 |a Edelmann, Alexander T  |e author  |9 378084 
245 1 0 |a Latin American government and politics 
300 |a 493 p 
942 |c BK 
945 |d 19970116 00:00:00  |a paguirre 
260 |a Homewood  |b Dorsey  |c 1965 
650 0 |a Gobierno   |9 255508 
650 7 |a POLITICA INTERNA  |2 CL-VaPUC  |9 342443 
650 7 |a REVOLUCIONES POLITICAS  |2 CL-VaPUC  |9 378085 
650 0 |a Poder político  |9 255509 
650 0 |a Poder ejecutivo  |9 255177 
650 0 |a Poder legislativo  |9 258808 
650 0 |a Poder judicial  |9 254871 
650 0 |a Constituciones  |9 255417 
650 0 |a Federalismo  |9 313886 
650 0 |a Fuerzas Armadas  |9 255504 
650 0 |a Iglesia y Estado  |9 254995 
650 0 |a Educación  |9 258661 
650 0 |a Familias   |9 255641 
651 0 |a América Latina   |9 255027 
583 |a last modification  |c 19970116 00:00:00  |k Rodrigo Vera 
490 0 |a The Dorsey Series in Political Science 
999 |c 255869  |d 255867 
952 |0 0  |1 0  |4 0  |6 320_480000000000000_EDE_1965  |7 0  |8 P  |9 278324  |a BIBDER  |b BIBDER  |d 2019-11-19  |i 1807544  |o 320.48 EDE 1965  |p 1807544  |r 2023-01-25  |w 2019-11-19  |y BK  |k DER